000 00483nam a22001697a 4500
005 20251108165847.0
008 250721s1997 xx 000 0 ara d
082 1 4 _a811.567/قضا
100 1 _aالقضاه، محمد أحمد
245 1 0 _aشعر عبد الله البردوني :
_bدراسة /
264 1 _aعمان :
_bدار الفارس،
_c1997.
300 _a225ص
650 1 7 _aالشعر العربي
650 1 7 _aاليمن
942 _2ddc
_cBK
999 _c33199
_d33199